000
00288nam a22001217a 4500
008
160503b xxu||||| |||| 00| 0 eng d
020
_a
9781904842316
020
_a
1904842313
041
_a
eng
080
_a
61
245
_a
Clinical genetics:
_c
Andrew Read; Dian Donnai;
942
_2
udc
_c
BK
999
_c
1755
_d
1755